FIFA 23 10 Highest Rated Players - Statistics

General Stats
  • This quiz has been taken 218 times
  • The average score is 8 of 10
Answer Stats
Rating Player % Correct
91 Lionel Messi
99%
91 Kylian Mbappé
97%
90 Cristiano Ronaldo
95%
91 Kevin De Bruyne
83%
91 Karim Benzema
79%
91 Robert Lewandowski
77%
90 Thibaut Courtois
69%
90 Mohamed Salah
66%
90 Virgil Van Dijk
65%
90 Manuel Neuer
62%
No matching quizzes found
Score Distribution
Percent of People with Each Score
Percentile by Number Answered
Your Score History
You have not taken this quiz